[Event "Asia-ch Amateur"]
[Site "Muscat"]
[Date "2022.10.02"]
[Round "5"]
[White "Al Nofli, Mohammed Saif"]
[Black "Salim Mohammed, Salim Al Amri"]
[Result "0-1"]
[WhiteElo "1370"]
[BlackElo "1952"]
[PlyCount "84"]
[EventDate "2022.09.29"]
[EventType "swiss"]
[EventRounds "9"]
[EventCountry "OMN"]
[SourceTitle "CBM 210 Extra"]
[Source "ChessBase"]
[SourceDate "2022.11.30"]
[SourceVersion "1"]
[SourceVersionDate "2022.11.30"]
[SourceQuality "1"]

1. d4 d5 2. c4 c6 3. Nf3 Nf6 4. g3 Bf5 5. Nc3 e6 6. Bg2 Nbd7 7. 0-0 dxc4 8. Re1 Bb4 9. a3 Bxc3 10. bxc3 0-0 11. Nh4 Be4 12. f3 Bg6 13. Nxg6 hxg6 14. e4 b5 15. Bg5 Qa5 16. Qd2 Nb6 17. f4 Rac8 18. Bxf6 gxf6 19. d5 cxd5 20. Qd4 Kg7 21. g4 Na4 22. Re3 dxe4 23. g5 Qd8 24. Qxa7 f5 25. Rb1 Rc5 26. Bf1 Qd6 27. Qa5 Qxf4 28. Rbe1 Qxg5+ 29. Kh1 Rh8 30. R3e2 Qf4 31. Rg2 Rd5 32. Qa7 Nc5 33. Be2 Qe5 34. Qe7 Qf6 35. Rxg6+ Qxg6 36. Rg1 Rh6 37. Rxg6+ Kxg6 38. Qf8 Nd3 39. Qg8+ Kf6 40. Qf8 Rg6 41. Qh8+ Ke7 42. Qh7 Nf2# 0-1